Les plus grands pays du monde (Top 100) - Statistiques

Statistiques générales
  • Ce quiz a été pris 8 116 fois
  • Le résultat moyen est 64 sur 100
Statistiques - réponses
Superficie (km²) Pays % Correct
17 098 242 Russie
99%
9 598 095 Chine
97%
9 629 091 Etats-Unis
97%
551 695 France
97%
9 984 670 Canada
96%
8 515 767 Brésil
94%
2 381 741 Algérie
93%
7 962 060 Australie
92%
357 021 Allemagne
90%
2 780 400 Argentine
90%
510 000 Espagne
90%
3 287 263 Inde
90%
1 964 375 Méxique
87%
446 550 Maroc
86%
377 930 Japon
85%
2 344 858 R.D Congo
84%
1 221 037 Afrique du Sud
83%
301 336 Italie
83%
1 002 450 Egypte
82%
342 000 République du Congo
81%
450 295 Suède
81%
242 900 Royaume-Uni
80%
783 562 Turquie
80%
603 500 Ukraine
80%
756 102 Chili
79%
323 782 Norvège
79%
2 149 680 Arabie Saoudite
78%
312 685 Pologne
78%
338 424 Finlande
77%
1 910 931 Indonésie
76%
1 648 195 Iran
75%
1 564 100 Mongolie
75%
1 141 748 Colombie
74%
2 724 910 Kazakhstan
74%
1 267 000 Niger
73%
796 095 Pakistan
72%
1 285 216 Pérou
72%
435 244 Irak
69%
1 241 238 Mali
69%
1 861 484 Soudan
69%
1 759 540 Libye
68%
270 479 Nouvelle-Zélande
68%
923 768 Nigeria
67%
912 050 Venezuela
67%
238 391 Roumanie
66%
131 957 Grèce
64%
513 120 Thaïlande
64%
652 090 Afghanistan
63%
1 098 581 Bolivie
63%
196 722 Sénégal
62%
163 610 Tunisie
62%
176 215 Uruguay
62%
1 104 300 Ethiopie
61%
331 212 Viêt Nam
61%
207 600 Biélorussie
60%
447 400 Ouzbékistan
60%
587 081 Madagascar
59%
1 025 520 Mauritanie
59%
406 752 Paraguay
59%
1 284 000 Tchad
59%
1 246 700 Angola
58%
637 657 Somalie
58%
580 367 Kenya
57%
527 968 Yémen
57%
475 442 Cameroun
56%
488 100 Turkménistan
56%
945 087 Tanzanie
55%
390 757 Zimbabwe
55%
256 369 Equateur
54%
824 268 Namibie
54%
185 180 Syrie
54%
322 463 Côte d'Ivoire
53%
644 329 Soudan du Sud
53%
752 612 Zambie
53%
330 803 Malaisie
52%
309 500 Oman
51%
181 035 Cambodge
50%
236 800 Laos
50%
801 590 Mozambique
50%
300 000 Philippines
50%
245 857 Guinée
48%
143 100 Tadjikistan
48%
676 578 Birmanie
47%
120 538 Corée du Nord
47%
622 984 République centrafricaine
47%
143 998 Bangladesh
46%
582 000 Botswana
44%
238 533 Ghana
44%
267 668 Gabon
43%
199 951 Kirghizistan
43%
147 181 Népal
43%
241 550 Ouganda
41%
272 697 Burkina Faso
39%
462 840 Papouasie-Nouvelle-Guinée
39%
214 969 Guyana
36%
163 820 Suriname
36%
117 600 Erythrée
33%
114 763 Bénin
30%
118 484 Malawi
27%
130 373 Nicaragua
24%
Aucun quiz correspondant
Distribution des résultats
% des personnes avec chaque résultat
Percentile par nombre de réponses
Votre historique - résultats
Vous n’avez pas pris ce quiz